| 000 | 02105nam a2200373 c 4500 | ||
|---|---|---|---|
| 001 | 53569 | ||
| 003 | ES-MaCES | ||
| 005 | 20251115040006.0 | ||
| 008 | 250210s2024 uk | 000 | eng d | ||
| 020 | _a9780745349862 | ||
| 040 |
_aES-MaCES _bspa _cES-MaCES |
||
| 100 | 1 |
_941290 _aKwet, Michael |
|
| 245 | 1 | 0 |
_aDigital degrowth _b: technology in the age of survival _cMichael Kwet |
| 250 | _a1st ed | ||
| 260 |
_aLondon _bPluto Press _c2024 |
||
| 300 |
_aX, 310 p. _c24 cm |
||
| 520 | 3 | _aEl mundo corre hacia una catástrofe ecológica irreversible. La ciencia ambiental deja claro que los seres humanos deben reducir el uso total de recursos materiales, lo que requiere una redistribución radical de la riqueza dentro y entre los países. Sin embargo, se ha prestado poca atención a cómo encaja la economía digital en esta ecuación. Michael Kwet, destacado experto en colonialismo digital, presenta un nuevo paradigma para la sociedad digital. Fusionando la ciencia del decrecimiento con un análisis global de la economía de alta tecnología, sostiene que el capitalismo digital y el colonialismo deben abolirse rápidamente. En Digital Degrowth, Kwet traza un camino hacia el futuro tecnológico de las personas. Pide acciones directas contra Silicon Valley, el imperialismo estadounidense y las élites del poder en todas partes para lograr una sociedad digital radicalmente igualitaria que fomente la igualdad en armonía con la naturaleza. | |
| 541 | _cCompra | ||
| 650 | 4 |
_acapitalismo _927116 |
|
| 650 | 4 |
_aeconomía colaborativa _937923 |
|
| 650 | 4 |
_anuevas tecnologías _930788 |
|
| 650 | 4 |
_acrecimiento económico _927094 |
|
| 650 | 4 |
_aevaluación del impacto ambiental _930344 |
|
| 650 | 4 |
_adegradación del medio ambiente _930722 |
|
| 650 | 4 |
_acambio tecnológico _928236 |
|
| 650 | 4 |
_acambio social _927286 |
|
| 650 | 4 |
_areforma económica _929791 |
|
| 650 | 4 |
_adesarrollo económico y social _929234 |
|
| 650 | 4 |
_adesarrollo sostenible _930785 |
|
| 650 | 4 |
_ateoría económica _927076 |
|
| 653 | 1 | 0 | _aEconomía |
| 902 | _aLIB Libro | ||
| 942 |
_2CES _cBK _h0.0. |
||
| 999 |
_c53569 _d53569 |
||